000 00423nam a2200169Ia 4500
008 100426t2007 xxu||||| |||| 00| 0 sin d
041 _asin
080 _aX8S31
_bSAM
100 _aSamarakoon, R.R.
245 _aලොකු අක්කා
246 _aLoku Akka
260 _bDayawansa Jayakody
_aColombo
_c2007
300 _a151p., 21 cm
942 _cBK
999 _c72899
_d72899
003 LK-CoDNM
040 _aLK-CoDNM
_dLK-CoDNM
_eLK-CoDNM